Testosterone : (Record no. 216283)
[ view plain ]
| 000 -LEADER | |
|---|---|
| fixed length control field | 00801nam a22002537a 4500 |
| 005 - DATE AND TIME OF LATEST TRANSACTION | |
| control field | 20260216150131.0 |
| 008 - FIXED-LENGTH DATA ELEMENTS--GENERAL INFORMATION | |
| fixed length control field | 260216b ||||| |||| 00| 0 eng d |
| 020 ## - INTERNATIONAL STANDARD BOOK NUMBER | |
| International Standard Book Number | 9780674725324 |
| 040 ## - CATALOGING SOURCE | |
| Original cataloging agency | LC |
| Transcribing agency | UNZA |
| Description conventions | RDA |
| 050 ## - LIBRARY OF CONGRESS CALL NUMBER | |
| Classification number | QP 572.T4 |
| Item number | JOR 2019 |
| 100 ## - MAIN ENTRY--PERSONAL NAME | |
| Personal name | Jordan-Young, Rebecca M. |
| Relator term | author |
| 245 ## - TITLE STATEMENT | |
| Title | Testosterone : |
| Remainder of title | an unauthorized biography / |
| Statement of responsibility, etc. | Rebecca M. Jordan-Young and Katrina Karkazis. |
| 260 ## - PUBLICATION, DISTRIBUTION, ETC. | |
| Place of publication, distribution, etc. | Cambridge : |
| Name of publisher, distributor, etc. | Harvard University Press, |
| Date of publication, distribution, etc. | 2019. |
| 300 ## - PHYSICAL DESCRIPTION | |
| Extent | 274 pages. |
| 336 ## - CONTENT TYPE | |
| CONTENT TYPE | Text |
| 337 ## - MEDIA TYPE | |
| MEDIA TYPE | Unmediated |
| 338 ## - CARRIER TYPE | |
| CARRIER TYPE | Volume |
| 504 ## - BIBLIOGRAPHY, ETC. NOTE | |
| Bibliography, etc. note | Includes bibliographical references and index. |
| 650 ## - SUBJECT ADDED ENTRY--TOPICAL TERM | |
| Topical term or geographic name entry element | Testosterone. |
| 650 ## - SUBJECT ADDED ENTRY--TOPICAL TERM | |
| Topical term or geographic name entry element | Testosterone |
| General subdivision | Public opinion. |
| 650 ## - SUBJECT ADDED ENTRY--TOPICAL TERM | |
| Topical term or geographic name entry element | Masculinity in popular culture. |
| 700 ## - ADDED ENTRY--PERSONAL NAME | |
| Personal name | Karkazis, Katrina |
| Relator term | author |
| 999 ## - | |
| -- | 216283 |
| -- | 216283 |
| 942 ## - ADDED ENTRY ELEMENTS (KOHA) | |
| Koha item type | Book |
| Withdrawn status | Lost status | Source of classification or shelving scheme | Damaged status | Not for loan | Collection code | Home library | Current library | Shelving location | Date acquired | Source of acquisition | Cost, normal purchase price | Total Checkouts | Full call number | Barcode | Date last seen | Copy number | Price effective from | Koha item type |
|---|---|---|---|---|---|---|---|---|---|---|---|---|---|---|---|---|---|---|
| Library of Congress Classification | Non-fiction | Medical Library | Medical Library | On Shelf | 02/16/2026 | Donation | 300.00 | QP 572.T4 JOR 2019 | 33729000170915 | 02/16/2026 | 1 | 02/16/2026 | Book | |||||
| Library of Congress Classification | Non-fiction | Medical Library | Medical Library | On Shelf | 02/16/2026 | QP 572.T4 JOR 2019 | 33729000171277 | 02/16/2026 | 2 | 02/16/2026 | Book | |||||||
| Library of Congress Classification | Non-fiction | Medical Library | Medical Library | 02/16/2026 | Donation | 300.00 | QP 572.T4 JOR 2019 | 33729000171038 | 02/16/2026 | 3 | 02/16/2026 | Book |